|
|
|
|
| LEADER |
01294nam a2200265 a 4500 |
| 001 |
2144965 |
| 008 |
090513s1999 ii a b 001 0 eng d |
| 020 |
|
|
|a 9840514733
|
| 040 |
|
|
|a DLC
|c DLC
|d DLC
|
| 082 |
0 |
0 |
|a 338.1/0954/14
|2 21
|
| 245 |
0 |
0 |
|a Sonar Bangla? :
|b agricultural growth and agrarian change in West Bengal and Bangladesh /
|c edited by Ben Rogaly, Barbara Harriss-White, Sugata Bose.
|
| 260 |
|
|
|a New Delhi ;
|a Thousand Oaks;
|a Dhaka :
|b Sage Publications;
|b University Press Limited,
|c 1999.
|
| 300 |
|
|
|a 424 p. :
|b ill. ;
|c 22 cm.
|
| 541 |
1 |
|
|e 00007334
|
| 650 |
|
0 |
|a Agriculture
|x Economic aspects
|z India
|z West Bengal.
|
| 650 |
|
0 |
|a Agriculture
|x Economic aspects
|z Bangladesh.
|
| 650 |
|
0 |
|a Agriculture and state
|z India
|z West Bengal.
|
| 650 |
|
0 |
|a Agriculture and state
|z Bangladesh.
|
| 700 |
1 |
|
|a Rogaly, Ben.
|
| 700 |
2 |
|
|a Harriss-White, Barbara,
|d 1946-
|
| 700 |
1 |
|
|a Bose, Sugata.
|
| 852 |
4 |
|
|a <add library>
|j <shelf mark>
|
| 999 |
|
|
|c 667
|d 667
|
| 952 |
|
|
|0 0
|1 0
|2 ddc
|4 0
|6 338_109541400000000_SON_1999
|7 0
|8 NFIC
|9 614
|a BRACUL
|b BRACUL
|c GEN
|d 2009-05-13
|g 500.00
|l 0
|o 338.1095414 SON
|p 3010007334
|r 2009-05-13
|t 1
|v 1000.00
|w 2009-05-13
|y BK
|
| 952 |
|
|
|0 0
|1 0
|2 ddc
|4 0
|6 338_100000000000000_0954_14_SON
|7 0
|9 43217
|a SCL
|b SCL
|c GEN
|d 1999-12-12
|g 500.00
|l 0
|o 338.1095414 SON
|p 3020002479
|r 2014-07-16
|t 2
|w 2014-07-16
|y BK
|